Normal view
MARC view
- MS-Construction Engineering and Management
Entry Topical Term
001 - CONTROL NUMBER
- control field: 126573
003 - CONTROL NUMBER IDENTIFIER
- control field: NUST
005 - DATE AND TIME OF LATEST TRANSACTION
- control field: 20241029120314.0
008 - FIXED-LENGTH DATA ELEMENTS
- fixed length control field: 241029|| aca||aabn | a|a d
040 ## - CATALOGING SOURCE
- Original cataloging agency: NUST
- Transcribing agency: NUST
150 ## - HEADING--TOPICAL TERM
- Topical term or geographic name entry element: MS-Construction Engineering and Management
670 ## - SOURCE DATA FOUND
- Source citation: Work cat.: (NUST)540613: Noor ul Amin 34733, Barriers to immunization future disaster for Pakistan:, 2017.
